Fire in forestry / (Record no. 32382)

MARC details
000 -LEADER
fixed length control field 00965cam a2200289 a 4500
001 - CONTROL NUMBER
control field 460625
003 - CONTROL NUMBER IDENTIFIER
control field OSt
005 - DATE AND TIME OF LATEST TRANSACTION
control field 20220309103325.0
008 - FIXED-LENGTH DATA ELEMENTS--GENERAL INFORMATION
fixed length control field 830608s1983 nyua b 001 0 eng
010 ## - LIBRARY OF CONGRESS CONTROL NUMBER
LC control number 83005088
020 ## - INTERNATIONAL STANDARD BOOK NUMBER
International Standard Book Number 0471874426 (v. 1) :
Terms of availability $50.00 (est.)
020 ## - INTERNATIONAL STANDARD BOOK NUMBER
International Standard Book Number 0471874477 (v. 2)
040 ## - CATALOGING SOURCE
Original cataloging agency DLC
Transcribing agency HU
Modifying agency DLC
050 00 - LIBRARY OF CONGRESS CALL NUMBER
Classification number SD420.55
Item number .F57 1983
051 ## - LIBRARY OF CONGRESS COPY, ISSUE, OFFPRINT STATEMENT
Classification number SD420.55
Item number .F57 1983 vol. 2
Copy information Copy 2.
082 00 - DEWEY DECIMAL CLASSIFICATION NUMBER
Classification number 634.9/618 FIR 1983
Edition number 19
245 00 - TITLE STATEMENT
Title Fire in forestry /
Statement of responsibility, etc. Craig Chandler ... [et al.].
260 ## - PUBLICATION, DISTRIBUTION, ETC.
Place of publication, distribution, etc. New York :
Name of publisher, distributor, etc. Wiley,
Date of publication, distribution, etc. c1983.
300 ## - PHYSICAL DESCRIPTION
Extent 2 v. :
Other physical details ill. ;
Dimensions 24 cm.
500 ## - GENERAL NOTE
General note "A Wiley-Interscience publication."
504 ## - BIBLIOGRAPHY, ETC. NOTE
Bibliography, etc. note Includes bibliographies and indexes.
505 0# - FORMATTED CONTENTS NOTE
Formatted contents note v. 1. Forest fire behavior and effects -- v. 2. Forest fire management and organization.
650 #0 - SUBJECT ADDED ENTRY--TOPICAL TERM
Topical term or geographic name entry element Forest fires.
9 (RLIN) 32293
700 1# - ADDED ENTRY--PERSONAL NAME
Personal name Chandler, Craig C.
9 (RLIN) 32295
906 ## - LOCAL DATA ELEMENT F, LDF (RLIN)
a 7
b cbc
c orignew
d 1
e ocip
f 19
g y-gencatlg
942 ## - ADDED ENTRY ELEMENTS (KOHA)
Source of classification or shelving scheme Dewey Decimal Classification
Koha item type Books like text book referance book
Suppress in OPAC No
Holdings
Withdrawn status Lost status Source of classification or shelving scheme Damaged status Not for loan Collection code Home library Current library Shelving location Date acquired Total Checkouts Full call number Barcode Date last seen Copy number Price effective from Koha item type
    Dewey Decimal Classification     Reference Wondo Genet Library Wondo Genet Library Children's Area 03/09/2022   634.9/618 FIR 1983 HUWGCFNRL00012711 03/09/2022 1 03/09/2022 Books like text book referance book
    Dewey Decimal Classification     Reference Wondo Genet Library Wondo Genet Library Children's Area 03/09/2022   634.9/618 FIR 1983 HUWGCFNRL00012712 03/09/2022 2 03/09/2022 Books like text book referance book